| 000 | 00582nam a2200229Ia 4500 | ||
|---|---|---|---|
| 008 | 180523s9999 xx 000 0 und d | ||
| 020 | _a81-7992-257-X | ||
| 050 | _aMAIN HG 3751 | ||
| 050 | _b.B34 2004 | ||
| 100 | _aBagchi, S. K. | ||
| 245 | 0 | _aCredit risk management / | |
| 245 | 0 | _cS. K. Bagchi | |
| 260 | _aMumbai : | ||
| 260 | _bJaico Publishing, | ||
| 260 | _c2004 | ||
| 300 | _a278 pages : | ||
| 300 | _billustrations ; | ||
| 300 | _c22 cm. | ||
| 500 | _aIncludes bibliographical references. | ||
| 650 | _aCredit -- Management. | ||
| 650 | _xRisk management. | ||
| 999 |
_c357248 _d357248 |
||